At work in the informal economy of India : (Record no. 75101)

MARC details
000 -LEADER
fixed length control field 00631nam a22001937a 4500
005 - DATE AND TIME OF LATEST TRANSACTION
control field 20130506115412.0
010 ## - LCCN (DPL NO)
LC control number ENG-106974
020 ## - INTERNATIONAL STANDARD BOOK NUMBER
International Standard Book Number 9780198090342
Terms of availability 995.00
020 ## - INTERNATIONAL STANDARD BOOK NUMBER
International Standard Book Number 019809037x
Terms of availability 995.00
035 ## - SYSTEM CONTROL NUMBER
System control number EN-90507
037 ## - SOURCE OF ACQUISITION
Source of stock number/acquisition DBAD/PUB
100 1# - MAIN ENTRY--PERSONAL NAME
Personal name Breman, Jan
245 10 - TITLE STATEMENT
Title At work in the informal economy of India :
Statement of responsibility, etc by Jan Breman
Remainder of title a perspective from the bottom up /
260 ## - PUBLICATION, DISTRIBUTION, ETC. (IMPRINT)
Place of publication, distribution, etc New Delhi
Name of publisher, distributor, etc Oxford University Press
Date of publication, distribution, etc 2013
270 ## - ADDRESS
Address YMCA Library Building, 1 Jai Singh Road
City New Delhi
Postal code 110001
300 ## - PHYSICAL DESCRIPTION
Extent vi,457p.
Dimensions 22cm(Hb)
500 ## - GENERAL NOTE
General note Includes bibliographical references and index
942 ## - ADDED ENTRY ELEMENTS (KOHA)
Source of classification or shelving scheme Dewey Decimal Classification
Item type English Books
Call number suffix BRE
Holdings
Withdrawn status Lost status Not for loan Collection code Home library Current library Date acquired Source of acquisition Cost, normal purchase price Full call number Barcode Copy number Cost, replacement price Koha item type
    Not For Loan Non-fiction D.B.Act.Division D.B.Act.Division 03/05/2013 DBAD/PUB 995.00 BRE EN-90507 1 995.00 English Books

© Delhi Public Library
Hit Counter
free hit counter